Chile i las ventajas que ofrece a los emigrantes europeos : (Record no. 174962)

MARC details
000 -LEADER
campo de control de longitud fija 00808nam a2200181 i 4500
001 - NÚMERO DE CONTROL
campo de control 174962
003 - IDENTIFICADOR DE NÚMERO DE CONTROL
campo de control ES-MaACL
005 - FECHA Y HORA DE LA ÚLTIMA TRANSACCIÓN
campo de control 20230906215716.0
008 - DATOS DE LONGITUD FIJA--INFORMACIÓN GENERAL
campo de control de longitud fija 100827s1888 gw |||| | spa d
080 ## - NÚMERO DE LA CLASIFICACIÓN DECIMAL UNIVERSAL
Número de la Clasificación Decimal Universal 908.83
245 00 - MENCIÓN DEL TÍTULO
Título Chile i las ventajas que ofrece a los emigrantes europeos :
Resto del título detalles jeograficos i estadisticos i las colonias situadas en la Araucania [sic].
260 ## - PUBLICACIÓN, DISTRIBUCIÓN, ETC.
Lugar de publicación, distribución, etc. Leipzig :
Nombre del editor, distribuidor, etc. [s.n.],
Fecha de publicación, distribución, etc. 1888 (
Fabricante Imp. de Fischer & Wittig)
300 ## - DESCRIPCIÓN FÍSICA
Extensión 1 h. de plano pleg. con el texto en el reverso ;
Dimensiones 35 cm.
594 ## - Nota al título y mención de responsabilidad
Nota al título y mención de responsabilidad Precede al tít.: Publicacion oficial de la Ajencia Jeneral del gobierno de Chile en Europa para la emigracion i colonizacion [sic]
594 ## - Nota al título y mención de responsabilidad
Nota al título y mención de responsabilidad Se ha respetado la ortografía original (fonetismo)
651 #4 - PUNTO DE ACCESO ADICIONAL DE MATERIA--NOMBRE GEOGRÁFICO
Nombre geográfico Chile-
Subdivisión general Descripción.
9 (RLIN) 143280
852 ## - LOCALIZACIÓN
Ubicación ES-MaACL
Número de control de estantería T-501-F-12
Holdings
Estatus retirado Estado de pérdida Estado de daño No para préstamo Colección Biblioteca de origen Biblioteca actual Ubicación en estantería Fecha de adquisición Fuente de adquisición Total de préstamos Signatura topográfica completa Código de barras Visto por última vez Precio de reemplazo Tipo de ítem Koha
        Colección de folletos Biblioteca del Ateneo de Madrid Biblioteca del Ateneo de Madrid Depósito folletos 27/08/2010     T-501-F-12 1183705 23/02/2023 23/02/2023 Folleto